No. 1 Obsession - 5 Seconds Of Summer - All Lyrics - Statistics

General Stats
  • This quiz has been taken 12 times
  • The average score is 276 of 308
Answer Stats
Answer % Correct
a
100%
(Ayy)
100%
can
100%
cry
100%
do
100%
don't
100%
eyes
100%
feel
100%
I,
100%
I
100%
it's
100%
just
100%
keep
100%
make
100%
Make
100%
me
100%
Oh,
100%
(Ooh,
100%
ooh,
100%
ooh-ooh,
100%
ooh-ooh)
100%
satisfied,
100%
satisfied
100%
you
100%
your
100%
your)
100%
your,
100%
alive
91%
alright
91%
asleep,
91%
baby,
91%
boys
91%
But
91%
can't
91%
depression
91%
Everythin'
91%
fall
91%
God,
91%
got
91%
heart
91%
heaven,
91%
I'll
91%
I'm
91%
in
91%
kill
91%
know
91%
number
91%
obsession
91%
of
91%
on
91%
one
91%
Please,
91%
sunshine
91%
Sunshine
91%
(Sunshine
91%
Take
91%
teary
91%
tell
91%
that
91%
the
91%
to
91%
And
82%
bit
82%
Crush
82%
dark
82%
dark)
82%
dark,
82%
darkest
82%
dream
82%
dying
82%
energy
82%
my
82%
reflection
82%
see
82%
sympathize,
82%
sympathize?
82%
think
82%
with
82%
all
73%
anything
73%
be
73%
for
73%
I'd
73%
light
73%
little
73%
only
73%
over
73%
takin'
73%
type
73%
from
64%
here
64%
here,
64%
hunger
64%
like
64%
Lucid
64%
right
64%
need's
55%
Save
55%
(Save
55%
save
55%
Shine
55%
affection
45%
thoughts
45%
No matching quizzes found
Score Distribution
Percent of People with Each Score
Percentile by Number Answered
Your Score History
You have not taken this quiz